Traza española, ropaje indiano (Record no. 1163)

MARC details
000 -CABECERA
campo de control de longitud fija 00783nam a2200217 a 4500
001 - NÚMERO DE CONTROL
campo de control BRCA_1297
005 - FECHA Y HORA DE LA ÚLTIMA TRANSACCIÓN
campo de control 20190320203350.0
008 - DATOS DE LONGITUD FIJA--INFORMACIÓN GENERAL
campo de control de longitud fija 230508s2002----sp-a---###---#000-0#spa-#
020 ## - NÚMERO INTERNACIONAL ESTÁNDAR DEL LIBRO
Número Internacional Estándar del Libro 8489104476
050 #4 - SIGNATURA TOPOGRÁFICA DE LA BIBLIOTECA DEL CONGRESO
Número de clasificación NB1910
Número de documento/Ítem .A43 2002
100 1# - ENTRADA PRINCIPAL--NOMBRE DE PERSONA
Nombre de persona Amador Marrero, Pablo F.
9 (RLIN) 4243
245 10 - MENCIÓN DE TÍTULO
Título Traza española, ropaje indiano
Resto del título el Cristo de Telde y la imaginería en caña de maíz
Mención de responsabilidad, etc. Pablo F. Amador Marrero.
260 ## - PUBLICACIÓN, DISTRIBUCIÓN, ETC.
Lugar de publicación, distribución, etc. [Canarias]
Nombre del editor, distribuidor, etc. M.I. Ayuntamiento de Telde
Fecha de publicación, distribución, etc. 2002
300 ## - DESCRIPCIÓN FÍSICA
Extensión 144 p.
Otras características físicas il.
Dimensiones 28 cm.
504 ## - NOTA DE BIBLIOGRAFÍA, ETC.
Nota de bibliografía, etc. Bibliografía: p. 141-144
600 14 - PUNTO DE ACCESO ADICIONAL DE MATERIA--NOMBRE DE PERSONA
Nombre de persona Fray Matías de Escobar
Fechas asociadas al nombre 1668-1748
9 (RLIN) 4244
650 14 - PUNTO DE ACCESO ADICIONAL DE MATERIA--TÉRMINO DE MATERIA
Término de materia o nombre geográfico como elemento de entrada Cristos de caña de maíz
Subdivisión general Técnicas y materiales
9 (RLIN) 4245
650 14 - PUNTO DE ACCESO ADICIONAL DE MATERIA--TÉRMINO DE MATERIA
Término de materia o nombre geográfico como elemento de entrada Escultura
Subdivisión cronológica Colonia, 1540-1810
Subdivisión geográfica Nueva España
9 (RLIN) 4246
653 0# - TÉRMINO DE INDIZACIÓN--NO CONTROLADO
Término no controlado Pasta de caña
942 ## - ELEMENTOS DE PUNTO DE ACCESO ADICIONAL (KOHA)
Fuente del sistema de clasificación o colocación Library of Congress Classification
Tipo de ítem Koha Libros
Holdings
Estado de retiro Estado de pérdida Estado dañado No para préstamo Localización permanente Ubicación/localización actual Fecha de adquisición Total de préstamos Signatura topográfica completa Código de barras Fecha visto por última vez Precio válido a partir de Tipo de ítem Koha
El ejemplar forma parte de la colección y puede ser consultado según las políticas vigentes.       Biblioteca del Museo Franz Mayer (Rogerio Casas-Alatriste) Biblioteca del Museo Franz Mayer (Rogerio Casas-Alatriste) 26/06/2008   NB1910 .A43 2002 01793 22/03/2019 22/03/2019 Libros